000
00257nam a2200109Ia 4500
008
200302s9999 xx 000 0 und d
100
_a
Dr. Li hong
245
_a
Senior housing
260
_b
Design Media Publishing (UK) Ltd.,
260
_c
2016
300
_a
282
999
_c
6219
_d
6219